Suspect documents : (Record no. 718)

MARC details
000 -LEADER
fixed length control field 01054cam a22002891a 4500
001 - CONTROL NUMBER
control field 8880823
003 - CONTROL NUMBER IDENTIFIER
control field OSt
005 - DATE AND TIME OF LATEST TRANSACTION
control field 20110721114622.0
008 - FIXED-LENGTH DATA ELEMENTS--GENERAL INFORMATION
fixed length control field 751119s1958 nyua b 001 0 eng
010 ## - LIBRARY OF CONGRESS CONTROL NUMBER
LC control number 58014046
035 ## - SYSTEM CONTROL NUMBER
System control number (OCoLC)1843577
040 ## - CATALOGING SOURCE
Original cataloging agency DLC
Transcribing agency TxU
Modifying agency OCoLC
-- MoSU-L
-- DLC
050 00 - LIBRARY OF CONGRESS CALL NUMBER
Classification number HV8074
Item number .H32 1958a
082 00 - DEWEY DECIMAL CLASSIFICATION NUMBER
Classification number 363.2565 HAR
100 1# - MAIN ENTRY--PERSONAL NAME
Personal name Harrison, Wilson R.
9 (RLIN) 1948
245 10 - TITLE STATEMENT
Title Suspect documents :
Remainder of title their scientific examination /
Statement of responsibility, etc by Wilson R. Harrison.
260 ## - PUBLICATION, DISTRIBUTION, ETC. (IMPRINT)
Place of publication, distribution, etc New York :
Name of publisher, distributor, etc Praeger,
Date of publication, distribution, etc 1958.
300 ## - PHYSICAL DESCRIPTION
Extent 583 p. :
Other physical details ill. ;
Dimensions 27 cm.
504 ## - BIBLIOGRAPHY, ETC. NOTE
Bibliography, etc Includes bibliographies and index.
650 #0 - SUBJECT ADDED ENTRY--TOPICAL TERM
Topical term or geographic name as entry element Forgery.
9 (RLIN) 1949
650 #0 - SUBJECT ADDED ENTRY--TOPICAL TERM
Topical term or geographic name as entry element Legal documents.
9 (RLIN) 1950
650 #0 - SUBJECT ADDED ENTRY--TOPICAL TERM
Topical term or geographic name as entry element Graphology.
9 (RLIN) 1951
906 ## - LOCAL DATA ELEMENT F, LDF (RLIN)
a 7
b cbc
c oclcrpl
d u
e ncip
f 19
g y-gencatlg
942 ## - ADDED ENTRY ELEMENTS (KOHA)
Source of classification or shelving scheme Dewey Decimal Classification
Koha item type Books
Holdings
Withdrawn status Lost status Source of classification or shelving scheme Damaged status Not for loan Home library Current library Shelving location Date acquired Total Checkouts Full call number Barcode Date last seen Price effective from Koha item type
    Dewey Decimal Classification     Law Development Centre Main Library Law Development Centre Main Library Text Books and Laws 04/27/2011   363.2565 HAR 2011/2483 04/27/2011 04/27/2011 Books
    Dewey Decimal Classification     Law Development Centre Main Library Law Development Centre Main Library Text Books and Laws 04/27/2011   363.2565 HAR 9940 04/27/2011 04/27/2011 Books